000 01251naa a2200277 4500
005 20090527111452.0
008 080918t xxu||||| |||| 00| 0 eng d
010 _aENG-93760
020 _c335.00
_a9788178123790
035 _aEN-77293
037 _bDBAD / PUB
040 _adpl
_bEnglish
082 _a000
100 _aGupta, Anjani A.
245 _aR. Gupta's popular master gudie NDA:
_bNational Defence Academy / Naval Academy examination /
_cby Anjani A. Gupta [and] Karan Dev
250 _athroughly rev. ed.
260 _aNew Delhi
_bRamesh Publishing House
_c2009
270 _a12-H, New Darya Ganj Road, Opp. Traffic Kotwali
_bNew Delhi
_e110002
300 _avarious pagings
_c24cm(pbk)
610 _aUnion Public Service Commission
650 _aNDA (National Defence Academy)
_xExamination, question, etc.
700 _aKarna Dev
942 _adpl
_cEN
_2ddc
_mGUP
_h000
999 _c26846
_d26846